Mil problemas de cálculo integral : métodos de integración : aplicaciones geométricas de la integral definida : integración por series : derivación e integración paramétrica /
Contenido: Integrales sencillas; Métodos elementales de integración; Integración de funciones racionales; Integración de funciones irracionales; Abelianas; Integrales elípticas; Integración de funciones trascendentes; Integración por series; Series de Fourier; Integrales definidas; Aplicación a lími...
সংরক্ষণ করুন:
| প্রধান লেখক: | |
|---|---|
| বিন্যাস: | গ্রন্থ |
| ভাষা: | স্প্যানিশ |
| প্রকাশিত: |
Madrid, España :
Dossat,
2000, c2000
|
| সংস্করন: | 11a edición |
| মালা: | (Clásicos Dossat)
|
| বিষয়গুলি: | |
| ট্যাগগুলো: |
কোনো ট্যাগ নেই, প্রথমজন হিসাবে ট্যাগ করুন!
|
MARC
| LEADER | 00000nam^a2200000^a^4500 | ||
|---|---|---|---|
| 001 | 000154250 | ||
| 005 | 20250521000000.0 | ||
| 009 | 20260310100347.664 | ||
| 020 | |a 84-89656-04-5 | ||
| 020 | |a 84-89656-08-8 | ||
| 037 | |a Acervo ITESO - Biblioteca | ||
| 041 | |a ESP | ||
| 082 | |a 515. 43 |b MAT V. 1 | ||
| 100 | |a Mataix Plana, José Luis |e (autor) | ||
| 240 | 1 | 1 | |a [Mil problemas de cálculo integral] |
| 245 | 1 | 0 | |a Mil problemas de cálculo integral : |b métodos de integración : aplicaciones geométricas de la integral definida : integración por series : derivación e integración paramétrica / |c J.L. Mataix Plana ; pról. de Carlos Mataix Kubusch. |
| 250 | |a 11a edición | ||
| 264 | 4 | |a Madrid, España : |b Dossat, |c 2000, c2000 | |
| 300 | |a 256 p. | ||
| 336 | |a texto |b txt |2 rdacontenido | ||
| 337 | |a sin mediación |b n |2 rdamedio | ||
| 338 | |a volumen |b nc |2 rdasoporte | ||
| 440 | 1 | |a (Clásicos Dossat) | |
| 520 | |a Contenido: Integrales sencillas; Métodos elementales de integración; Integración de funciones racionales; Integración de funciones irracionales; Abelianas; Integrales elípticas; Integración de funciones trascendentes; Integración por series; Series de Fourier; Integrales definidas; Aplicación a límites; Integración de funciones de varias variables; Derivación e integración bajo el signo integral; Integración paramétrica. | ||
| 649 | |a XX | ||
| 650 | |a Cálculo Diferencial | ||
| 650 | |a Funciones (Matemáticas) | ||
| 650 | |a Series de Fourier | ||
| 650 | |a Series (Matemáticas) | ||
| 650 | |a Integración Numérica | ||
| 650 | |a Cálculo Integral - |x Problemas, Ejercicios, etc | ||
| 650 | |a Matemáticas | ||
| 910 | |a Fondo General | ||
| 920 | |a Impresos - Libros | ||
| 930 | |a Colección General | ||
| 905 | |a 101 | ||
| 901 | |a 0500085833 |b IT1 |c ACC |u 20250521 | ||
| 902 | |a https://opac.biblio.iteso.mx/vufind/Record/000154250 | ||